[Event "34th Olympiad"]
[Site "Istanbul TUR"]
[Date "2000.10.29"]
[Round "2"]
[White "Blehm,P"]
[Black "Sandler,L"]
[Result "1/2-1/2"]
[WhiteElo "2510"]
[BlackElo "2416"]

1.e4 c5 2.Nf3 e6 3.Nc3 Nc6 4.d4 cxd4 5.Nxd4 Qc7 6.Be2 a6 7.Be3 Nf6 8.a3 Be7
9.f4 d6 10.g4 O-O 11.g5 Nd7 12.O-O Nxd4 13.Bxd4 b5 14.Be3 Re8 15.Bd3 Bb7
16.Qh5 g6 17.Qh4 f5 18.exf5 exf5 19.Qg3 Nc5 20.Be2 Bf8 21.Rad1 Re4 22.Bd3 Re7
23.Rfe1 Rae8 24.Be4 Rxe4 25.Bf2 Re3 26.Qxe3 Rxe3 27.Bxe3 Kf7 28.Kf2 Ke6 29.Ke2 d5  1/2-1/2

[Event "34th Olympiad Women"]
[Site "Istanbul TUR"]
[Date "2000.10.29"]
[Round "2"]
[White "Agosto,E"]
[Black "Burijovich,L"]
[Result "1/2-1/2"]
[WhiteElo "2036"]
[BlackElo "2182"]

1.e4 c5 2.Nf3 e6 3.d4 cxd4 4.Nxd4 Nc6 5.Nc3 Qc7 6.Be2 a6 7.O-O Nf6 8.a3 Nxd4
9.Qxd4 Bc5 10.Qd3 b5 11.Be3 Bb7 12.Bxc5 Qxc5 13.Bf3 Qe5 14.Rad1 Rc8 15.Rfe1 O-O
16.Qd6 Qg5 17.Rd3 Rc6 18.Qd4 e5 19.Qa7 Rc7 20.Qb6 Rfc8 21.h3 h6 22.Bd1 Ne8
23.Bg4 Qf6 24.Qe3 Rd8 25.Red1 d6 26.Qd2 Rc4 27.Qe2 Qe7 28.Rg3 Nf6 29.Bf5 Kf8
30.Qe3 Bc8  1/2-1/2

[Event "34th Olympiad"]
[Site "Istanbul TUR"]
[Date "2000.10.29"]
[Round "2"]
[White "Khruschiov,A"]
[Black "Munoz Sotomayor,H"]
[Result "1-0"]
[WhiteElo "2381"]
[BlackElo "2322"]

1.e4 c5 2.Nf3 e6 3.d4 cxd4 4.Nxd4 Nc6 5.Nc3 Qc7 6.Be3 a6 7.Bd3 Nf6 8.O-O h5
9.h3 Nxd4 10.Bxd4 Bc5 11.Bxf6 gxf6 12.Qe2 Bd4 13.Nd1 Qf4 14.c3 Ba7 15.Ne3 h4
16.Rfe1 Rg8 17.Ng4 Kf8 18.Rad1 Rg5 19.Bc2 Bb8 20.Rd3 Rg6 21.Rf3 Qg5 22.Rd1 Be5
23.Qf1 b5 24.Nxe5 Qxe5 25.Rfd3 Qf4 26.Rd4 Rg8 27.Re1 Ra7 28.Bd1 Rc7 29.e5 Qh6
30.f4 Bb7 31.Bf3 Rg3 32.Bxb7 Rxb7 33.f5 fxe5 34.Rxe5 Rc7 35.fxe6 dxe6 36.Ree4 Rc5
37.Rxh4 Qe3+ 38.Qf2 Qc1+ 39.Kh2 Rg6 40.Rd7 Qh6 41.Qf6 Rxf6 42.Kg3 Kg8 43.Rd8+ Kh7
44.Rxh6+ Kxh6 45.Rc8 Rg6+  1-0

[Event "34th Olympiad Women"]
[Site "Istanbul TUR"]
[Date "2000.10.29"]
[Round "2"]
[White "Vo Hong Phuong"]
[Black "Vasquez,R"]
[Result "0-1"]
[WhiteElo "2261"]
[BlackElo "2454"]

1.e4 c5 2.Nf3 e6 3.d4 cxd4 4.Nxd4 Nc6 5.Nc3 Qc7 6.Be3 a6 7.Bd3 Nf6 8.O-O b5
9.a3 Be7 10.Kh1 Bb7 11.f3 Na5 12.Qd2 O-O 13.Qf2 Nc4 14.Bxc4 Qxc4 15.Nb3 a5
16.Rfd1 d5 17.Bc5 Bxc5 18.Nxc5 Bc6 19.Rd3 dxe4 20.b3 e3 21.bxc4 exf2 22.cxb5 Bd5
23.Rd2 Rfc8 24.N5a4 Rab8 25.Rxf2 Rc4 26.Rd2 Rbc8 27.Rd3 Kf8 28.Kg1 Nd7 29.Re3 f5
30.Rd1 f4 31.Red3 Ne5 32.Nxd5 Rxa4 33.Nb6 Nxd3 34.Nxc8 Nc5 35.b6 Rxa3 36.Rd8+ Kf7
37.b7 Ra1+ 38.Kf2 Rb1 39.Nd6+ Ke7 40.b8=Q Rxb8 41.Rxb8 Kxd6 42.Rb5 a4 43.c4 g5
44.Ke2 h5 45.Kd2 g4 46.Rb8 e5 47.Rh8 Nb3+ 48.Kd3 a3 49.Rxh5 a2 50.Rh6+ Kc7
51.Rh7+ Kb6 52.Rh6+ Ka5  0-1

[Event "34th Olympiad Women"]
[Site "Istanbul TUR"]
[Date "2000.10.29"]
[Round "2"]
[White "Dekic,B"]
[Black "Sziva,E"]
[Result "0-1"]
[WhiteElo "2104"]
[BlackElo "2311"]

1.e4 c5 2.Nf3 e6 3.d4 cxd4 4.Nxd4 Nc6 5.Nc3 Qc7 6.Be2 a6 7.O-O Nf6 8.Kh1 Nxd4
9.Qxd4 Bc5 10.Qd3 h5 11.f4 Ng4 12.Nd1 b5 13.c3 Bb7 14.Be3 g5 15.Bxc5 Qxc5
16.fxg5 Qe5 17.Qg3 Qxg3 18.hxg3 Bxe4 19.Bf3 Bc6 20.a4 d5 21.axb5 axb5 22.Rxa8+ Bxa8
23.Re1 Ke7 24.Bxg4 hxg4+ 25.Kg1 Rg8 26.Nf2 Rxg5 27.Ra1 Bc6 28.Nd3 Kd6 29.Ra7 f5
30.Nb4 Rg8 31.Kf2 Bd7 32.Ke3 Rc8 33.Nd3 Rc4 34.Ra6+ Bc6 35.Nf4 b4 36.Kd2 e5
37.Ne2 bxc3+ 38.bxc3 Ra4 39.Rb6 Ra2+ 40.Ke3 Kc5 41.Rb1 Bb5 42.Nc1 Rxg2 43.Nb3+ Kb6  0-1

[Event "34th Olympiad"]
[Site "Istanbul TUR"]
[Date "2000.10.29"]
[Round "2"]
[White "Blehm,P"]
[Black "Sandler,L"]
[Result "1/2-1/2"]
[WhiteElo "2510"]
[BlackElo "2416"]

1.e4 c5 2.Nf3 e6 3.Nc3 Nc6 4.d4 cxd4 5.Nxd4 Qc7 6.Be2 a6 7.Be3 Nf6 8.a3 Be7
9.f4 d6 10.g4 O-O 11.g5 Nd7 12.O-O Nxd4 13.Bxd4 b5 14.Be3 Re8 15.Bd3 Bb7
16.Qh5 g6 17.Qh4 f5 18.exf5 exf5 19.Qg3 Nc5 20.Be2 Bf8 21.Rad1 Ne4 22.Nxe4 Rxe4
23.Bd3 Re7 24.Rfe1 Rae8 25.c3 Be4 26.Bxe4 Rxe4 27.Bf2 Qc4 28.Rxe4 Rxe4 29.Rd4 Qe2
30.Rxe4 Qxe4 31.Qe3 Qxe3 32.Bxe3 Kf7 33.Kf2 Ke6 34.Ke2 d5  1/2-1/2

[Event "34th Olympiad"]
[Site "Istanbul TUR"]
[Date "2000.10.29"]
[Round "2"]
[White "Khruschiov,A"]
[Black "Munoz Sotomayor,H"]
[Result "1-0"]
[WhiteElo "2381"]
[BlackElo "2322"]

1.e4 c5 2.Nf3 e6 3.d4 cxd4 4.Nxd4 Nc6 5.Nc3 Qc7 6.Be3 a6 7.Bd3 Nf6 8.O-O h5
9.h3 Nxd4 10.Bxd4 Bc5 11.Bxf6 gxf6 12.Qe2 Bd4 13.Nd1 Qf4 14.c3 Ba7 15.Ne3 h4
16.Rfe1 Rg8 17.Ng4 Kf8 18.Rad1 Rg5 19.Bc2 Bb8 20.Rd3 Rg6 21.Rf3 Qg5 22.Rd1 Be5
23.Qf1 b5 24.Nxe5 Qxe5 25.Rfd3 Qf4 26.Rd4 Rg8 27.Re1 Ra7 28.Bd1 Rc7 29.e5 Qh6
30.f4 Bb7 31.Bf3 Rg3 32.Bxb7 Rxb7 33.f5 fxe5 34.Rxe5 Rc7 35.fxe6 dxe6 36.Ree4 Rc5
37.Rxh4 Qe3+ 38.Qf2 Qc1+ 39.Kh2 Rcg5 40.Rhg4 R3xg4 41.hxg4 Rg6 42.Rd7 Qh6+
43.Kg3 Rf6 44.Qc5+ Kg8 45.Qe5 Qg7 46.Rd8+ Kh7 47.Qe4+ Kh6 48.Rc8 Rg6 49.Rc7 Qf8
50.Qf4+ Kg7 51.g5 Qe8 52.Qe5+ Kh7 53.Kg4 Rg7 54.Qf6 Kg8 55.Kf4 Qb8 56.Qe7 Qa8
57.g6 e5+ 58.Ke3 Qf8 59.gxf7+  1-0

[Event "34th Olympiad"]
[Site "Istanbul TUR"]
[Date "2000.10.30"]
[Round "3"]
[White "Torre,E"]
[Black "Korchnoi,V"]
[Result "1/2-1/2"]
[WhiteElo "2552"]
[BlackElo "2620"]

1.e4 c5 2.Nf3 e6 3.Nc3 Nc6 4.d4 cxd4 5.Nxd4 d6 6.Be3 Nf6 7.f3 Be7 8.Qd2 O-O
9.g4 d5 10.g5 Nh5 11.Rg1 dxe4 12.fxe4 Nxd4 13.Bxd4 e5 14.Bxe5 Qxd2+ 15.Kxd2 Bc5
16.Be2 Rd8+ 17.Nd5 Bf5 18.Bf3 Bxg1 19.exf5 Bb6 20.c4 f6 21.Bc3 Rac8 22.Kc2 Rxc4
23.Nxb6 axb6 24.Bxh5 Rh4 25.Bf3 Rxh2+ 26.Kb3 fxg5 27.Bxb7 Rf2 28.Rh1 h6 29.Be4 Rf4
30.Bc2 Rf2 31.Be4 Rf4 32.Bc2 Rf2 33.Re1 Kf7 34.Re6 b5 35.Rg6 b4 36.Rxg7+ Kf8
37.Bf6 Rf3+ 38.Ka4 b3 39.Kb5 Rb8+ 40.Ka6 Rf1 41.axb3 Rb5 42.Ka7 Rh1 43.Ka6 Rb8
44.Ka7 Rh4 45.Ka6  1/2-1/2

[Event "34th Olympiad Women"]
[Site "Istanbul TUR"]
[Date "2000.10.30"]
[Round "3"]
[White "Hamid,R"]
[Black "Skripchenko,A"]
[Result "0-1"]
[WhiteElo "2106"]
[BlackElo "2450"]

1.e4 c5 2.Nf3 e6 3.d4 cxd4 4.Nxd4 Nc6 5.Nc3 Qc7 6.Be2 a6 7.Be3 Nf6 8.O-O Bb4
9.Na4 Rb8 10.Bd3 b5 11.Nc3 Ne5 12.Bf4 d6 13.Bd2 Bc5 14.Nb3 Ba7 15.Qe2 Nc4
16.Bc1 O-O 17.a4 Bd7 18.axb5 axb5 19.Bg5 Rfc8 20.Bxf6 gxf6 21.Qf3 Nxb2 22.Qxf6 Qxc3
23.Qg5+ Qg7 24.Qxg7+ Kxg7 25.Rxa7 Be8 26.Nd4 Nxd3 27.cxd3 Kf6 28.f4 b4 29.Nf3 b3
30.e5+ dxe5 31.fxe5+ Kg6 32.Nd2 Rc2 33.Nb1 b2 34.d4 Bc6 35.Rf6+ Kg5 36.Raxf7 Be4
37.h4+ Kh5 38.Rg7 Rc1+ 39.Kh2 Rh1+ 40.Kxh1 Bxb1 41.Kh2 Bg6 42.Rf1 b1=Q 43.Rxb1 Rxb1
44.Re7 Bf5 45.Kg3 Rh1 46.Rf7 Kg6 47.Rf6+ Kg7 48.d5 Re1 49.dxe6 Rxe5 50.Rf7+ Kg6
51.h5+ Kg5 52.e7 h6 53.Kf2 Bd7 54.Kg3 Be8 55.Rg7+ Kf6 56.Rh7 Rxh5 57.Kg4 Rh1
58.Kf4 Bf7 59.g4 Kxe7 60.Ke5 Re1+ 61.Kf5 Rf1+ 62.Ke5 Rf6 63.Rh8 Ra6 64.Kf4 Bb3
65.Rb8 Ba2 66.Rb2 Kf6 67.Kg3 Be6 68.Rb4 Ra3+ 69.Kf4 Rc3 70.Rb6 Rc4+ 71.Kf3 Ra4
72.Rc6 Ke7 73.Rc7+ Bd7 74.Rb7 Rd4 75.Ra7 Rb4 76.Rc7 Kd6 77.Ra7 Bxg4+ 78.Kg3 Be6
79.Rh7 Rg4+ 80.Kf3 Rg6 81.Kf4 Rf6+ 82.Kg3 Ke5 83.Rh8 Kf5 84.Rh7 Bf7 85.Rh8 Kg5
86.Rb8 Rd6 87.Rb5+ Rd5 88.Rb3 Bg6 89.Rb4 Rd3+ 90.Kh2 Bf5 91.Ra4 Bg4 92.Ra6 h5
93.Ra2 Re3 94.Ra4 Kh4 95.Rb4 Re2+ 96.Kg1 Kg3  0-1

[Event "34th Olympiad"]
[Site "Istanbul TUR"]
[Date "2000.10.30"]
[Round "3"]
[White "Ganguly,S"]
[Black "Emms,J"]
[Result "0-1"]
[WhiteElo "2498"]
[BlackElo "2527"]

1.e4 c5 2.Nf3 Nc6 3.d4 cxd4 4.Nxd4 e6 5.Nc3 Qc7 6.Be2 a6 7.O-O Nf6 8.Be3 Be7
9.f4 d6 10.Qe1 O-O 11.Qg3 Nxd4 12.Bxd4 b5 13.a3 Bb7 14.Rad1 Bc6 15.Kh1 Qb7
16.Bf3 Rad8 17.Rfe1 Kh8 18.Rd3 Rg8 19.Qh3 Qc7 20.e5 dxe5 21.fxe5 Nd7 22.Bxc6 Qxc6
23.Rf1 f5 24.exf6 Bxf6 25.Re1 Nc5 26.Bxc5 Qxc5 27.Ne4 Qxc2 28.Rxd8 Rxd8 29.Qxe6 Qe2
30.Nd6 Qxe6 31.Rxe6 Kg8 32.b3 Bb2 33.a4 bxa4 34.bxa4 Ba3 35.Re8+ Rxe8 36.Nxe8 Kf7
37.Nc7 a5 38.g4 Bd6 39.Nb5 Ke6 40.Kg2 Kd5 41.h4 Kc5 42.Kf3 Be7 43.g5 Kb4
44.Nd4 Kxa4 45.Nc6 Bb4 46.Ke4 Kb3 47.Nxa5+ Bxa5 48.Ke5 Bd2 49.Ke6 h6  0-1

[Event "34th Olympiad Women"]
[Site "Istanbul TUR"]
[Date "2000.10.30"]
[Round "3"]
[White "Sziva,E"]
[Black "Aleksieva,S"]
[Result "1-0"]
[WhiteElo "2311"]
[BlackElo "2351"]

1.e4 c5 2.Nc3 Nc6 3.Nge2 e6 4.d4 cxd4 5.Nxd4 d6 6.Bc4 Nf6 7.Be3 a6 8.Qe2 Na5
9.Bd3 Qc7 10.O-O-O b5 11.f3 Be7 12.g4 Nd7 13.Rde1 Ne5 14.Kb1 b4 15.Nd1 Nec4
16.Bc1 Bh4 17.Ref1 Bf6 18.Nb3 h6 19.h4 g6 20.g5 hxg5 21.hxg5 Rxh1 22.Rxh1 Bg7
23.Rh7 Kf8 24.f4 Kg8 25.Rh4 Nxb3 26.axb3 Na5 27.Ne3 Qe7 28.Ng4 Bb7 29.e5 dxe5
30.fxe5 Qc7 31.Nf6+ Kf8 32.Rh7 Rd8 33.Qh2 Bxf6 34.gxf6 Ke8 35.Qe2 Nc6 36.Bxg6 Qxe5
37.Bxf7+ Kd7 38.Bh5+ Kc8 39.Qf2 Qe4 40.Rg7 Nd4 41.Bg6 Qe5 42.Qf4 Qc5 43.Be4 Bd5
44.Bd3 Bb7 45.Rg5 e5 46.Rxe5 Qd6 47.Re7  1-0

[Event "34th Olympiad"]
[Site "Istanbul TUR"]
[Date "2000.10.31"]
[Round "4"]
[White "Short,N"]
[Black "Piket,Je"]
[Result "1/2-1/2"]
[WhiteElo "2677"]
[BlackElo "2649"]

1.e4 c5 2.Nf3 e6 3.d4 cxd4 4.Nxd4 Nc6 5.Nc3 Qc7 6.Be2 a6 7.O-O Nf6 8.a3 Nxd4
9.Qxd4 Bd6 10.Kh1 Be5 11.Qd3 b5 12.Be3 Bb7 13.Bd4 g5 14.f3 Rg8 15.Bxe5 Qxe5
16.Rad1 Rc8 17.Qd6 Qxd6 18.Rxd6 Ke7 19.Rb6 Rb8 20.e5 Nh5 21.Bd3 f5  1/2-1/2

[Event "34th Olympiad"]
[Site "Istanbul TUR"]
[Date "2000.10.31"]
[Round "4"]
[White "Tissir,M"]
[Black "David,Alb"]
[Result "1/2-1/2"]
[WhiteElo "2342"]
[BlackElo "2487"]

1.e4 c5 2.Nf3 e6 3.d4 cxd4 4.Nxd4 Nc6 5.Nc3 Qc7 6.Be3 a6 7.Bd3 Nf6 8.O-O Ne5
9.h3 Bc5 10.Kh1 d6 11.f4 Ng6 12.Qe1 O-O 13.f5 Ne5 14.Qh4 Bd7  1/2-1/2

[Event "34th Olympiad"]
[Site "Istanbul TUR"]
[Date "2000.10.31"]
[Round "4"]
[White "Mrva,M"]
[Black "Vescovi,G"]
[Result "1/2-1/2"]
[WhiteElo "2468"]
[BlackElo "2526"]

1.e4 c5 2.Nf3 e6 3.Nc3 Nc6 4.d4 cxd4 5.Nxd4 Qc7 6.Be3 Nf6 7.Bd3 a6 8.O-O Ne5
9.h3 Bc5 10.Na4 Ba7 11.c4 d6 12.Rc1 Bd7 13.Nc3 O-O 14.b3 Qa5 15.a4 Bc5 16.Qe2 Qb6
17.a5 Qxa5 18.Bb1 Ng6 19.Rfd1 Rac8 20.Rd2 b5 21.Na2 bxc4 22.bxc4 Rb8 23.Nc3 Rfc8
24.Ba2 Qb6 25.Rb1 Qa7 26.Rbd1 Qb7 27.Bg5 Ne8 28.h4 h6 29.h5 Ne5 30.Bh4 Qb4
31.Rc2 Ba4 32.Nxa4 Qxa4 33.Nf3 Nxf3+ 34.gxf3 e5 35.Kh2 Nc7 36.Rg1 Ne6 37.f4 exf4
38.Rd2 Qa5 39.e5 f3 40.Qd3 Bd4 41.c5 Bxe5+ 42.Kh1 Qb4 43.Bg3 Bxg3 44.Rxg3 dxc5
45.Bxe6 Qb1+ 46.Kh2 Qxd3 47.Rxd3 fxe6 48.Rd7 g5 49.hxg6 Rf8 50.Rh3 Rf5 51.Rxh6 Rg5
52.g7 Rxg7 53.Rxg7+ Kxg7 54.Rxe6 Ra8 55.Rc6 a5 56.Rxc5 a4 57.Rc2 a3 58.Ra2 Kf6
59.Kg3 Ke5 60.Kxf3 Kd4 61.Kg4 Kc3 62.f4 Kb3 63.Ra1 Kb2 64.Rf1 a2 65.f5  1/2-1/2

[Event "4th OIBM"]
[Site "Bad Wiessee GER"]
[Date "2000.11.01"]
[Round "5"]
[White "Jaracz,P"]
[Black "Klundt,K"]
[Result "1-0"]
[WhiteElo "2511"]
[BlackElo "2362"]

1.e4 c5 2.Nf3 e6 3.Nc3 Nc6 4.d4 cxd4 5.Nxd4 Nf6 6.a3 Be7 7.f4 d6 8.Be2 O-O
9.O-O Bd7 10.Nf3 Qc7 11.Kh1 Rfd8 12.Bd3 Be8 13.Qe1 Nd7 14.Qg3 Nc5 15.Bd2 Rac8
16.Rae1 Nxd3 17.cxd3 Nb8 18.f5 Bc6 19.Nd4 exf5 20.Nxf5 Bf6 21.Nh6+ Kh8 22.Rxf6 gxf6
23.Qh4 Qe7 24.Nf5  1-0

[Event "34th Olympiad"]
[Site "Istanbul TUR"]
[Date "2000.11.01"]
[Round "5"]
[White "Kallio,H"]
[Black "Van der Nat,N"]
[Result "1-0"]
[WhiteElo "2451"]
[BlackElo "2160"]

1.e4 c5 2.Ne2 Nc6 3.d4 cxd4 4.Nxd4 e6 5.Nc3 Qc7 6.g3 a6 7.Bg2 Nf6 8.O-O Be7
9.Nde2 d6 10.h3 b5 11.a3 h6 12.Be3 Rb8 13.Kh1 a5 14.Nd4 Nxd4 15.Bxd4 Ba6
16.Re1 O-O 17.e5 Nd7 18.exd6 Bxd6 19.Ne4 Be7 20.f4 Rfd8 21.Qg4 Bf8 22.Nf6+ Nxf6
23.Bxf6 Rd2 24.Bc3 Rxc2 25.Qd1 Rxc3 26.bxc3 Qxc3 27.Rc1 Qxg3 28.Qd7 Bxa3
29.Qa7 Qxf4 30.Rf1 Qg3 31.Rf3 Qe5 32.Rxa3 b4 33.Rxa5 Qf4 34.Qc7 Qxc7 35.Rxc7 Bd3
36.Ra8 Rxa8 37.Bxa8 b3 38.Rc8+ Kh7 39.Rb8 Bc2 40.Bc6 f5 41.Ba4 Kg6 42.Bxb3 Bxb3
43.Rxb3 f4 44.Rb7 Kf6 45.Kg2 g5 46.Kf3 Kf5 47.Rf7+ Kg6 48.Rf8 Kg7 49.Rc8 Kg6
50.Ke4 Kf6 51.Rc6 h5 52.Rb6 Ke7 53.h4 Kf6 54.Ra6 gxh4 55.Kxf4  1-0

[Event "34th Olympiad"]
[Site "Istanbul TUR"]
[Date "2000.11.01"]
[Round "5"]
[White "Erdogdu,M"]
[Black "De la Riva Aguado,O"]
[Result "1/2-1/2"]
[WhiteElo "2286"]
[BlackElo "2462"]

1.e4 c5 2.Nf3 Nc6 3.d4 cxd4 4.Nxd4 e6 5.Nc3 Qc7 6.g3 a6 7.Bg2 Nf6 8.O-O Bc5
9.Nxc6 dxc6 10.e5 Qxe5 11.Bf4 Qf5 12.Na4 Ba7 13.Bd6 Ne4 14.Bxe4 Qxe4 15.Qd2 Qd5
16.Qf4 e5 17.Qxe5+ Qxe5 18.Bxe5 b5 19.Rfe1 O-O 20.Nc3 Bf5 21.Ne4 Rfd8 22.Bf4 Rd4
23.Nd6 Be6 24.Rad1 Rxd1 25.Rxd1 Rd8 26.a3 Rd7 27.Rd2 h6 28.Ne4 Rxd2 29.Nxd2 Kf8
30.Kf1 Bf5 31.c3 Bd3+ 32.Ke1 Ke7 33.Be3 Bxe3 34.fxe3 Kd6 35.Nf3 c5 36.b4 Kd5
37.Nd2 g5 38.Kf2 f5  1/2-1/2

[Event "34th Olympiad"]
[Site "Istanbul TUR"]
[Date "2000.11.01"]
[Round "5"]
[White "Blehm,P"]
[Black "Cramling,P"]
[Result "0-1"]
[WhiteElo "2510"]
[BlackElo "2484"]

1.e4 c5 2.Nf3 e6 3.d4 cxd4 4.Nxd4 Nc6 5.Nc3 Qc7 6.Be2 a6 7.Be3 b5 8.Nxc6 Qxc6
9.O-O Bb7 10.Bf3 Qc7 11.Re1 Bd6 12.Bd4 Bxh2+ 13.Kh1 Be5 14.a4 Nf6 15.axb5 O-O
16.b6 Qd6 17.Be3 Qe7 18.Bd4 Qd6 19.Be3 Qe7 20.Kg1 Rfc8 21.Ra5 d6 22.Qd3 Nd7
23.Rd1 Bxc3 24.bxc3 Ne5 25.Qe2 Nc4 26.Raa1 e5 27.Rdb1 a5 28.Ra4 Nxe3 29.Qxe3 Rc5
30.Bg4 Qe8 31.Ra3 Qc6 32.Bf3 Rb8 33.Rba1 Ra8 34.Rb1 h6 35.Qd2 Rb8 36.Rd1 Qxb6
37.Qxd6 Qxd6 38.Rxd6 Bc6 39.Kf1 Kf8 40.Ke2 Ke7 41.Rd1 a4 42.Ke3 Rc4 43.Kd3 Rc5
44.Ke3 Rb2 45.Rc1 Rc4 46.Kd3 Kd6 47.Re1 Kc5 48.Kd2 g6 49.Re3 Rb1 50.g3 Kd6
51.Be2 Rc5 52.Bd3 Ke6 53.Re1 Rxe1 54.Kxe1 f5 55.exf5+ gxf5 56.Kd2 e4 57.Be2 Ke5
58.Ke3 Ra5 59.Bh5 Ra7 60.Be2 Ra8 61.Bh5 Rb8 62.Ra1 Ra8 63.Ra3 Rf8 64.Ra1 Rb8
65.Be2 Be8 66.Rh1 h5 67.f3 a3 68.fxe4 fxe4 69.Ra1 Ra8 70.Bc4 Rc8 71.Bb3 Rxc3+
72.Kf2 Rf3+ 73.Kg2 Bc6 74.Rxa3 e3 75.Ra5+ Kd6 76.Ra1 e2 77.Kg1 Bb5 78.c4 Bc6
79.c5+ Kxc5 80.Be6 Bb5 81.Bh3 Rxg3+ 82.Kh1 h4  0-1

[Event "34th Olympiad Women"]
[Site "Istanbul TUR"]
[Date "2000.11.01"]
[Round "5"]
[White "Shah,P"]
[Black "Djingarova,E"]
[Result "0-1"]
[WhiteElo "2137"]
[BlackElo "2263"]

1.e4 c5 2.Nf3 e6 3.d4 cxd4 4.Nxd4 Nc6 5.Nc3 Qc7 6.Be2 a6 7.O-O b5 8.Be3 Bb7
9.a3 Nf6 10.Nxc6 Bxc6 11.Bd3 d5 12.exd5 Nxd5 13.Nxd5 Bxd5 14.Qg4 Bd6 15.Qh3 f5
16.f4 O-O 17.Rae1 Rf6 18.Re2 Rg6 19.Rd2 Rf8 20.Re2 Rg4 21.Bd2 Rf6 22.Kh1 Rh6
23.Qe3 Bc5 24.Qe5 Rgh4  0-1

[Event "34th Olympiad"]
[Site "Istanbul TUR"]
[Date "2000.11.01"]
[Round "5"]
[White "Tissir,M"]
[Black "Stefansson,H"]
[Result "0-1"]
[WhiteElo "2342"]
[BlackElo "2557"]

1.e4 c5 2.Nf3 e6 3.d4 cxd4 4.Nxd4 Nc6 5.Nc3 Qc7 6.Be3 a6 7.Bd3 Nf6 8.O-O Ne5
9.h3 Bc5 10.Kh1 d6 11.f4 Ng6 12.Qe1 O-O 13.f5 Ne5 14.Qh4 b5 15.Rf3 Nxf3 16.gxf3 Ne8
17.e5 g6 18.Rg1 d5 19.fxg6 fxg6 20.Bxg6 hxg6 21.Rxg6+ Ng7 22.Ndxb5 axb5 23.Rh6 Be7
24.Rh8+ Kf7 25.Qf4+ Ke8 26.Nxb5 Qxc2 27.Rxf8+ Bxf8 28.Bb6 Qb1+  0-1

[Event "34th Olympiad Women"]
[Site "Istanbul TUR"]
[Date "2000.11.01"]
[Round "5"]
[White "Sasu Ducsoara,An"]
[Black "Stepovaia Dianchenko,T"]
[Result "1/2-1/2"]
[WhiteElo "2229"]
[BlackElo "2414"]

1.e4 c5 2.Nf3 e6 3.d4 cxd4 4.Nxd4 Nc6 5.Nc3 Qc7 6.g3 a6 7.Bg2 d6 8.O-O Bd7
9.a4 Be7 10.Nb3 Nf6 11.g4 h5 12.g5 Ng4 13.h3 Nge5 14.f4 Nc4 15.Qe2 Nb4 16.Rd1 Rc8
17.a5 g6 18.Rd4 e5 19.fxe5 dxe5 20.Rd1 O-O 21.Kh1 Be6 22.Nd5 Nxd5 23.exd5 Bf5
24.c3 Qd7 25.Nd2 Nxd2 26.Bxd2 Bxh3 27.b3 Bxg2+ 28.Qxg2 Bc5 29.Re1 Rfe8 30.Re2 Qb5
31.Qe4 Bd6 32.Rf2 Qd7 33.Kg2 Bc5 34.Rf6 Qg4+ 35.Qxg4 hxg4 36.Raf1 Rc7 37.Kg3 e4
38.Kxg4 e3 39.Be1 Re4+ 40.R1f4 Re5 41.b4 Bf8 42.c4 e2 43.Kf3 Rxg5 44.Kxe2 Rg2+
45.Kf3 Rc2 46.c5  1/2-1/2

[Event "Chigorin Mem"]
[Site "St Petersburg RUS"]
[Date "2000.11.01"]
[Round "2"]
[White "Klimov,S"]
[Black "Taranenko,O"]
[Result "1-0"]
[WhiteElo "2435"]
[BlackElo "2195"]

1.e4 c5 2.Nf3 e6 3.d4 cxd4 4.Nxd4 Nc6 5.Nc3 d6 6.Bc4 Nf6 7.Bb3 Be7 8.Be3 O-O
9.f4 Nxd4 10.Bxd4 b5 11.e5 dxe5 12.fxe5 Nd7 13.O-O Bc5 14.Ne4 Bxd4+ 15.Qxd4 Qb6
16.Qxb6 axb6 17.Nd6 Nxe5 18.Rfe1 Nc4 19.Nxc4 bxc4 20.Bxc4 Bb7 21.Bb5 Rac8
22.c4 Rc5 23.Rad1 Rg5 24.g3 h5 25.Rd7 Ba8 26.Red1 Bf3 27.Rf1 Be4 28.Rd6 f5
29.Rxe6 h4 30.Kf2 f4 31.g4 Ba8 32.h3 Rd8 33.Rfe1 Kh7 34.Re8 Rd2+ 35.R1e2 Rxe2+
36.Rxe2 Rc5 37.Re6 Rc8 38.Rxb6 Rd8 39.c5 Be4 40.Rd6 Rb8 41.a4  1-0

[Event "Chigorin Mem"]
[Site "St Petersburg RUS"]
[Date "2000.11.01"]
[Round "2"]
[White "Tsarukian,E"]
[Black "Kuporosov,V"]
[Result "0-1"]
[WhiteElo "2235"]
[BlackElo "2456"]

1.e4 c5 2.Nf3 e6 3.d4 cxd4 4.Nxd4 Nc6 5.Nc3 Qc7 6.Be3 a6 7.Be2 Nf6 8.O-O Bb4
9.f3 O-O 10.Nb1 d5 11.Nxc6 bxc6 12.exd5 cxd5 13.Qd4 Rb8 14.Bd3 Bd6 15.Qh4 Bc5
16.Bxc5 Qxc5+ 17.Qf2 Qxf2+ 18.Kxf2 Rxb2 19.Nd2 Rb6 20.Rab1 Rc6 21.Rb4 e5
22.Rfb1 Re8 23.R1b2 Kf8 24.h3 Re7 25.g4 h6 26.Kg3 Rec7 27.c4 Ke7 28.Rb6 d4
29.f4 exf4+ 30.Kxf4 Nd7 31.Rxc6 Rxc6 32.Bf5 Nc5 33.Bxc8 Nd3+ 34.Ke4 Nxb2
35.Bb7 Rb6 36.Bd5 Na4 37.Kxd4 Rb2 38.Ne4 Rxa2 39.c5 Rh2 40.Bc4 Rxh3 41.Bxa6 Rh4
42.Be2 h5 43.c6 hxg4 44.Bb5 g3 45.c7 g2 46.c8=Q g1=Q+ 47.Kd3 Qb1+ 48.Kd2 Qxb5  0-1

[Event "Chigorin Mem"]
[Site "St Petersburg RUS"]
[Date "2000.11.01"]
[Round "2"]
[White "Timagin,P"]
[Black "Brodsky,M"]
[Result "1/2-1/2"]
[WhiteElo "2315"]
[BlackElo "2532"]

1.e4 c5 2.Nf3 Nc6 3.Nc3 e6 4.d4 cxd4 5.Nxd4 Qc7 6.Be2 Nf6 7.O-O a6 8.Kh1 Nxd4
9.Qxd4 Bc5 10.Qd3 b5 11.f4 Bb7 12.Bf3 h5 13.e5 Ng4 14.Ne4 Bxe4 15.Bxe4 Rd8
16.Qg3 g6 17.Bd2 Qb6 18.Be1 d5 19.Bd3 b4 20.a3 bxa3 21.b4 Bxb4 22.Bxb4 Qxb4
23.Rxa3 a5 24.Rb3 Qe7 25.Rb5 a4 26.Ra5 O-O 27.Rxa4 Kg7 28.Ra6 Ra8 29.Rd6 Rfd8
30.Rxd8 Qxd8 31.h3 Nh6 32.Kh2 Rc8 33.Ra1 Qe7 34.Qf2 Nf5  1/2-1/2

[Event "34th Olympiad"]
[Site "Istanbul TUR"]
[Date "2000.11.02"]
[Round "6"]
[White "Adams,Mi"]
[Black "Hansen,Cu"]
[Result "1/2-1/2"]
[WhiteElo "2755"]
[BlackElo "2613"]

1.e4 c5 2.Nf3 e6 3.d4 cxd4 4.Nxd4 Nc6 5.Nc3 a6 6.g3 d6 7.Bg2 Bd7 8.O-O Nf6
9.a4 Be7 10.Nb3 Na5 11.Nxa5 Qxa5 12.Bd2 Qc7 13.a5 Rc8 14.Be3 O-O 15.Re1 Rfe8
16.Bb6 Qb8 17.Na4 Bb5 18.Bd4 Nd7 19.b3 Qc7 20.c4 Bxa4 21.Rxa4 Bf6 22.Bxf6 Nxf6
23.Re2 Nd7 24.Rd2 Red8 25.Ra1 Ne5  1/2-1/2

[Event "34th Olympiad Women"]
[Site "Istanbul TUR"]
[Date "2000.11.02"]
[Round "6"]
[White "Lakos,N"]
[Black "Radziewicz,I"]
[Result "1/2-1/2"]
[WhiteElo "2327"]
[BlackElo "2379"]

1.e4 c5 2.Nf3 e6 3.d4 cxd4 4.Nxd4 Nc6 5.Nc3 Nf6 6.Ndb5 d6 7.Bf4 e5 8.Bg5 a6
9.Na3 b5 10.Nd5 Be7 11.Bxf6 Bxf6 12.c3 O-O 13.Nc2 Bg5 14.Be2 Rb8 15.O-O a5
16.Qd3 f5 17.Bf3 f4 18.a4 bxa4 19.Qc4 Na7 20.Rfb1 Bd7 21.Nf6+ Kh8 22.Nxd7 Qxd7
23.Qxa4 Qxa4 24.Rxa4 Bd8 25.Na3 Nb5 26.Nxb5 Rxb5  1/2-1/2

[Event "34th Olympiad"]
[Site "Istanbul TUR"]
[Date "2000.11.02"]
[Round "6"]
[White "Stefansson,H"]
[Black "Milos,G"]
[Result "1-0"]
[WhiteElo "2557"]
[BlackElo "2633"]

1.e4 c5 2.Nf3 e6 3.d4 cxd4 4.Nxd4 Nc6 5.Nc3 Qc7 6.Be2 a6 7.O-O Nf6 8.Kh1 Nxd4
9.Qxd4 Bc5 10.Qd3 b5 11.f4 Bb7 12.a4 b4 13.e5 Nd5 14.Ne4 Be7 15.Qg3 g6 16.Bd3 f5
17.exf6 Nxf6 18.Ng5 Nh5 19.Qg4 Bxg5 20.Qxg5 O-O 21.Bd2 Rf7 22.Rae1 Raf8 23.f5 exf5
24.Bxb4 d6 25.Re6 f4 26.Bxd6 f3 27.gxf3 Rxf3 28.Rxf3 Qf7 29.Re3 Bxf3+ 30.Kg1 Rc8
31.Re7 Qf6 32.Qxf6 Nxf6 33.Be5 Nd5 34.Rg7+ Kf8 35.Rxh7 Rc6 36.Rb7 Bd1 37.Be4  1-0

[Event "Chigorin Mem"]
[Site "St Petersburg RUS"]
[Date "2000.11.02"]
[Round "3"]
[White "Kirusha,A"]
[Black "Fominyh,A"]
[Result "0-1"]
[WhiteElo "2338"]
[BlackElo "2594"]

1.e4 c5 2.Nf3 Nc6 3.d4 cxd4 4.Nxd4 e6 5.Nc3 Qc7 6.Be2 a6 7.O-O Bc5 8.Nxc6 bxc6
9.Kh1 Be7 10.Bd3 Nf6 11.Bg5 e5 12.Qe2 h6 13.Be3 d5 14.Bd2 O-O 15.f3 Bd6 16.Rae1 Re8
17.Na4 d4 18.c4 c5 19.b3 Bd7 20.Nb2 a5 21.Bc2 Bc6 22.Kg1 Nd7 23.a4 Be7 24.Nd3 Bg5
25.g3 Bxd2 26.Qxd2 Bb7 27.Re2 Ra6 28.Kf2 Nb6 29.Ke1 Nc8 30.Kd1 Nd6 31.g4 f6
32.h4 Nf7 33.Rg1 Kf8 34.Kc1 Ke7 35.Reg2 Kd8 36.Kb2 Kc8 37.Ka2 Kb8 38.Rh2 Ka7
39.Re2 Rae6 40.Ne1 Rh8 41.Bd3 Ree8 42.Reg2 Nd8 43.h5 Ne6 44.Rh2 Bc6 45.Nc2 Rh7
46.Na3 Qd8 47.Kb2 Nf4 48.Nb5+ Kb6 49.Rc1 Reh8 50.Rch1 Be8 51.Kc2 g6 52.hxg6 Bxg6
53.Rh4 h5 54.gxh5 Rxh5 55.Qf2 Rxh4 56.Rxh4 Bh5 57.Qh2 Qe7 58.Bf1 Rh7 59.Kb2 Bg6
60.Rxh7 Qxh7 61.Qxh7 Bxh7 62.Kc2 Bg6 63.Kd2 Bh5 64.Be2 Kc6 65.Na7+ Kd7 66.Nb5 Nxe2
67.Kxe2 f5 68.Kd3 Bxf3 69.exf5 e4+ 70.Kd2 e3+ 71.Kd3 Be4+  0-1

[Event "34th Olympiad Women"]
[Site "Istanbul TUR"]
[Date "2000.11.04"]
[Round "7"]
[White "Xie Jun"]
[Black "Skripchenko,A"]
[Result "1-0"]
[WhiteElo "2568"]
[BlackElo "2450"]

1.e4 c5 2.Nf3 e6 3.d4 cxd4 4.Nxd4 Nc6 5.Nc3 Qc7 6.Be2 a6 7.O-O Nf6 8.Kh1 Nxd4
9.Qxd4 Bc5 10.Qd3 b5 11.f4 Bb7 12.Bf3 h5 13.e5 Ng4 14.Bxb7 Qxb7 15.Ne4 Be7
16.Bd2 Rc8 17.Rae1 O-O 18.f5 exf5 19.Ng3 Qb6 20.Re2 Nh6 21.Nxh5 Rc4 22.Nf4 Bc5
23.b4 Be7 24.Nd5 Qe6 25.Bxh6 gxh6 26.Rxf5 Rg4 27.Rf6  1-0

[Event "34th Olympiad Women"]
[Site "Istanbul TUR"]
[Date "2000.11.04"]
[Round "7"]
[White "Nepeina Leconte,M"]
[Black "Velcheva,M"]
[Result "1/2-1/2"]
[WhiteElo "2289"]
[BlackElo "2302"]

1.e4 c5 2.Nf3 e6 3.d4 cxd4 4.Nxd4 Nc6 5.Nc3 Qc7 6.g3 a6 7.Bg2 Nf6 8.O-O Bc5
9.Nxc6 dxc6 10.Na4 Ba7 11.c4 Nd7 12.Qg4 Bd4 13.Be3 Bxe3 14.Qxg7 Qe5 15.Qxe5 Nxe5
16.fxe3 Nxc4 17.Rfc1 Ne5 18.Nb6 Rb8 19.Rd1 Ke7 20.Rac1 Rd8 21.Rd4 Bd7 22.b4 Be8
23.Rcd1 f6 24.h3 Nf7 25.Bf3 e5 26.Rxd8 Rxd8 27.Rxd8 Kxd8 28.Kf2 Nd6 29.Ke2 Bg6
30.Kd3 f5 31.Kc3 fxe4 32.Bg4 Bf7 33.a4 h5 34.Bd7 Ke7 35.a5 Nb5+ 36.Kd2 Nd6
37.Kc3 Bg6 38.Kd2 Bf5 39.Bxf5 Nxf5 40.g4 hxg4 41.hxg4 Nd6 42.Ke2 Ne8 43.Na4 Nd6
44.Nc5 Kf6 45.Kf2 Kg5 46.Kg3 Kf6 47.Nd7+ Ke6 48.Nc5+ Kf6 49.Nd7+ Ke6 50.Nc5+  1/2-1/2